00457nam a2200121 a 450000100080000000500110000800800410001910000300006024501460009026000740023665300120031065300130032210134922016-12-02 1999 bl uuuu u0uu1 u #d1 aESPÍRITO SANTO (Estado). aDecreto N. 4.498-N, de 26 de julho de 1999, aprova o estatuto social da Empresa Capixaba d Pesquisa, Assistência Técnica e Extensão Rural. aDiário Oficial do Estado do Espírito Santo, 29 julho de 1999.c1999 aEMCAPER aEstatuto